000 01349nam a2200241Ia 4500
999 _c51954
_d51954
001 18955
003 GE_BSU
005 20210421170441.0
008 181216s2013||||ge |||||||||||||| ||geo||
040 _cGE_BSU
041 _ageo
080 _a7 კ-40
100 _aკეჟერაძე, თეიმურაზ
_911499
245 _aფრიდრიხ შილერის პიესების ინტერპრეტაციები ქართულ თეატრში /
_cთეიმურაზ კეჟერაძე; სამეცნიერო ხელმძღვანელი ვ. კიკნაძე; ბათუმის შოთა რუსთაველის სახ-ფო უნ-ტი.
264 _aბათუმი,
_c2013.
300 _a168 გვ.
_b30 სმ.
653 _aდისერტაცია
653 _aფრიდრიხ შილერის პიესების ინტერპრეტაციები ქართულ თეატრში
653 _aხელოვნება
700 _aკიკნაძე, ვ.
_eსამეცნიერო ხელმძღვანელი
_94368
711 _aბათუმის შოთა რუსთაველის სახ-ფო უნ-ტი.
_910472
942 _cBK
_2udc